| 000 | 00389nam a2200169 a 4500 | ||
|---|---|---|---|
| 001 | 1766486164571 | ||
| 003 | ACL | ||
| 005 | 20251223164051.0 | ||
| 008 | 251223s2010##################000#0#eng## | ||
| 020 | _a9788130914831 | ||
| 082 | 0 | 4 |
_a649.1 _bWIL |
| 100 | 1 |
_aWiltshire, Jo, _eauthor. |
|
| 245 | 1 | 0 | _aSneaky Parenting : |
| 260 | _c2010. | ||
| 942 | _cENGLISH | ||
| 040 |
_aACL _beng _cACL |
||
| 999 |
_c604311 _d604311 |
||